01459cam a22003375a 4500999001700000001000800017005001700025008004100042010001700083020003500100020001800135040003300153082002000186245009500206260006400301300002700365504005100392650005000443650005100493650003100544651001000575653002500585655002400610700002900634700003800663700003100701942000800732952012700740952012700867952012700994 c27038d27010341546120201128024401.0901211s1991 ncu frb 001 0 eng d a 90027036  a0807843210 (pbk. : alk. paper) a9780807843215 aDLCbengcDLCdDLCdEG-ScBUE04a301.01bCAS22202aA Case for the case study /cedited by Joe R. Feagin, Anthony M. Orum, and Gideon Sjoberg. aChapel Hill :bUniversity of North Carolina Press,cc.1991. aviii, 290 p. ;c24 cm. aIncludes bibliographical references and index. 7aSociologyxResearchxMethodology.2BUEsh9700 7aSocial sciencesxResearchxMethodology.2BUEsh 7aCase method.2BUEsh934827 2BUEsh bBUSADMcDecember2018 vReading book9342321 aFeagin, Joe R.,eeditor.1 aOrum, Anthony M.,eeditor.9110611 aSjoberg, Gideon.,eeditor. 2ddc 00102ddc40708BaccahaMAINbMAINc1STd2018-12-20ePurchaseg1050.00l0o301.01 CASp000044077r2025-07-15 00:00:00yNB 00102ddc40708BaccahaMAINbMAINc1STd2018-12-20ePurchaseg1050.00l0o301.01 CASp000044078r2025-07-15 00:00:00yBB 00102ddc40708BaccahaMAINbMAINc1STd2018-12-20ePurchaseg1050.00l0o301.01 CASp000044079r2025-07-15 00:00:00yBB